| 000 -ლიდერი |
| ფიქსირებული სიგრძის საკონტროლო ველი |
01057nam a2200217Ia 4500 |
| 001 - საკონტროლო ნომერი |
| საკონტროლო ველი |
8623 |
| 003 - საკონტროლო ნომრის იდენტიფიკატორი |
| საკონტროლო ველი |
GE_BSU |
| 005 - ბოლო ოპერაციის თარიღი და დრო |
| საკონტროლო ველი |
20240524124125.0 |
| 008 - ფიქსირებული სიგრძის მონაცემთა ელემენტები - ზოგადი ინფორმაცია |
| ფიქსირებული სიგრძის საკონტროლო ველი |
181216s2009||||ge |||||||||||||| ||geo|| |
| 040 ## - კატალოგიზაციის წყარო |
| Transcribing agency |
GE_BSU |
| 041 ## - ენის კოდი |
| Language code of text/sound track or separate title |
geo |
| 080 ## - უნივერსალური ათობითი კლასიფიკაციის ინდექსი |
| Universal Decimal Classification number |
517.2(075.8)=353.1+161.1 ნ-21 |
| 100 ## - მთავარი ჩანაწერი - პიროვნების სახელი |
| Personal name |
ნაკაშიძე, გურამ |
| 9 (RLIN) |
1514 |
| 245 ## - ცნობა სათაურის შესახებ |
| Title |
უმაღლესი მათემატიკა : |
| Remainder of title |
მოკლე თეორიული კურსი, სავარჯიშო ტესტები, სახელმძღვანელო / |
| Statement of responsibility, etc |
გურამ ნაკაშიძე ; რედ. იბრაიმ დიდმანიძე. |
| 264 ## - წარმოების, გამოცემის, დისტრიბუციის და სხვა ცნობები |
| გამოცემის, წარმოების, დისტრიბუციის... ადგილი |
ბათუმი : |
| გამოცემის, წარმოების, დისტრიბუციის... სახელწოდება |
პოლიგრაფისტი-1, |
| გამოცემის, წარმოების, დისტრიბუციის... თარიღი |
2009. |
| 300 ## - ფიზიკური აღწერა |
| Extent |
913 გვ. ; |
| Dimensions |
22 სმ. |
| 546 ## - LANGUAGE NOTE |
| Language note |
ქართულ და რუსულ ენაზე |
| 653 ## - INDEX TERM--UNCONTROLLED |
| Uncontrolled term |
უმაღლესი მათემატიკა |
| 700 ## - ADDED ENTRY--PERSONAL NAME |
| Personal name |
დიდმანიძე, იბრაიმ |
| Relator term |
რედაქტორი |
| 9 (RLIN) |
1168 |
| 942 ## - ADDED ENTRY ELEMENTS (KOHA) |
| Koha item type |
წიგნი |
| Source of classification or shelving scheme |
|